Alles mit W (mit Hinweisen) - Statistiken

Allgemein
  • Dieses Quiz wurde 159 mal gespielt
  • Das Durchschnittsergebnis liegt bei 51 aus 80
Antwortstatistiken
Kategorie Hinweis Antwort % Korrekt
Hauptstädte Polen Warschau
100%
Hauptstädte Österreich Wien
100%
Hauptstädte Vereinigte Staaten Washington D.C.
98%
Pflanzen & Tiere Meeressäuger Wal
97%
Pflanzen & Tiere Hundeartiges Säugetier Wolf
96%
Berühmte Personen Bringt am 24.12. Geschenke W{eihnachtsmann}
94%
Geografisches Allerlei Längster Fluss Europas Wolga
93%
Geografisches Allerlei Die Sahara ist eine... Wüste
93%
Essen & Trinken Getränk aus Trauben Wein
92%
Weitere Städte Hauptstadt von Hessen Wiesbaden
91%
Essen & Trinken Getränk, mit / ohne Sprudel Wasser
90%
Hauptstädte Neuseeland Wellington
90%
Berühmte Personen Wiener Komponist W{olfgang} A. M{ozart}
90%
Geografisches Allerlei Teil von Großbritannien Wales
89%
Berühmte Personen Russicher Präsident W{ladimir} P{utin}
89%
Essen & Trinken Getreidesorte Weizen
87%
Pflanzen & Tiere Schwarz-gelbes Insekt Wespe
87%
Sonstiges Feiertag Ende Dezember Weihnachten
86%
Essen & Trinken Hochprozentiges Getränk Whisky / Wodka
84%
Essen & Trinken Aufschnitt, z.B. Mortadella Wurst
84%
Pflanzen & Tiere Vogel (Haustier) Wellensittich
82%
Sonstiges Produziert Wein Winzer
82%
Essen & Trinken Götterspeise Wackelpudding
81%
Sonstiges Öffentl.-Rechtl. TV-Sender WDR
81%
Berühmte Personen 4. Bundeskanzler W{illy} B{randt}
81%
Geografisches Allerlei Fluss in Norddeutschland Weser
80%
Sonstiges Regierungssitz des US-Präsi Weißes Haus
79%
Essen & Trinken Gemüse für Sauerkraut Weißkohl
78%
Sonstiges Online-Enzyklopädie Wikipedia
78%
Weitere Städte Großstadt in Bayern Würzburg
78%
Berühmte Personen Englischer Dichter W{illiam} S{hakespeare}
76%
Berühmte Personen Ehem. ukrainischer Boxer W{ladimir} K{litschko}
74%
Weitere Städte Großstadt in NRW Wuppertal
74%
Pflanzen & Tiere Säugetier (Sternzeichen) Widder
73%
Sonstiges Betreibt Forschung Wissenschaftler
73%
Sonstiges Element (Ordnungszahl 1) Wasserstoff
71%
Weitere Städte Großstadt in Niedersachsen Wolfsburg
71%
Sonstiges US-Supermarktkette Walmart
70%
Weitere Städte Millionenstadt in China Wuhan
70%
Hauptstädte Namibia Windhoek
69%
Berühmte Personen Ehem. brit. Premierminister W{inston} C{hurchill}
67%
Pflanzen & Tiere Wirbelloses Kriechtier Wurm
66%
Berühmte Personen I will always love you W{hitney} H{ouston}
65%
Berühmte Personen US-amerik. Schauspieler W{ill} S{mith}
65%
Sonstiges Kirche in London Westminster Abbey
64%
Weitere Städte 95 Thesen von Luther Wittenberg
64%
Sonstiges Burg im Thüringer Wald Wartburg
63%
Sonstiges Maß mit der Einheit Ohm Widerstand
63%
Essen & Trinken Kohl mit krausen Blättern Wirsing
63%
Pflanzen & Tiere Kastriertes männl. Pferd Wallach
62%
Berühmte Personen US-amerik. Filmproduzent W{alt} D{isney}
62%
Essen & Trinken Bestandteil von Gin Wacholder
60%
Pflanzen & Tiere Wappentier der USA Weißkopfseeadler
58%
Pflanzen & Tiere "Adventsblume" Weihnachtsstern
55%
Pflanzen & Tiere Flinkes Säugetier Wiesel
54%
Sonstiges Umweltschutzorganisation WWF
54%
Berühmte Personen Niemand hat die Absicht, eine Mauer zu errichten W{alter} U{lbricht}
52%
Sonstiges Koreanische Währung Won
50%
Essen & Trinken Traditionelles Festtagsessen Weihnachtsgans
48%
Geografisches Allerlei Längster Fluss Polens Weichsel
47%
Geografisches Allerlei Gebiet in Nordwestafrika Westsahara
45%
Weitere Städte Millionenstadt in Russland Wolgograd
44%
Berühmte Personen 4. Bundespräsident W{alter} S{cheel}
43%
Essen & Trinken Obst, rotes Fruchtfleisch Wassermelone
42%
Pflanzen & Tiere Laubbaum Weide
42%
Weitere Städte Dt. Stadt (Nibelungensage) Worms
42%
Geografisches Allerlei Deutsche Insel Wangerooge
38%
Sonstiges US-Filmunternehmen Warner Bros
36%
Weitere Städte Großstadt in Russland Wladiwostok
36%
Geografisches Allerlei Gebirge in RP, Hessen, NRW Westerwald
33%
Pflanzen & Tiere "Reinliches" Säugetier Waschbär
32%
Weitere Städte Großstadt in der Schweiz Winterthur
32%
Geografisches Allerlei Region im Nahen Osten Westjordanland
26%
Essen & Trinken Cocktail mit Beeren Wildberry Lillet
23%
Essen & Trinken Gebäck, u.a. herzförmig Waffeln
22%
Geografisches Allerlei Gebirge (Schweiz, Italien) Walliser Alpen
21%
Sonstiges Schloss in Südengland Windsor Castle
19%
Pflanzen & Tiere Würz- und Heilkraut Waldmeister
18%
Geografisches Allerlei Australisches Außengebiet Weihnachtsinsel
13%
Pflanzen & Tiere Giftige Teichpflanze Wasserlilie
8%
Keine übereinstimmenden Quizze gefunden
Verteilung der Resultate
Anzahl Personen mit jedem Resultat
Perzentil nach korrekt beantworteten Fragen
Ihre Resultats-Entwicklung
Sie haben dieses Quiz noch nicht gespielt